| Virtuální polytechnická knihovna - Souborný katalog - Úplný záznam dokumentu - MARC |
Uživatel: --- |
-----nas 22-----zu 4500
001 SKVPK0031911
003 CZ-VPK
005 20260424135711.0
008 260424d19601970||||| | ||| || |||||||
022 $a0029-5485
040 $aABA013$bcze
222 0$aNuclear energy
245 00$aNuclear energy
260 $aVelká Británie :$bLondon : Institution of Nuclear Engineers,$c1960-1970
650 07$afyzika$xfy$2psh
780 00$tNuclear energy engineer
780 00$tPříloha: Nuclear hematology$x0369-6421
785 00$tJournal of the Institution of Nuclear Engineers$x0368-2595
910 $aABA013$r1960-1970
| čtvrtek 14.05.2026 02:30:37 |
© 2001-2015 Národní technická knihovna |
[Virtuální polytechnická knihovna]
[Servisní centrum]
[Souborný katalog]